[Event "Sunway Sitges Online Open"]
[Site "chess.com INT"]
[Date "2020.04.26"]
[Round "8.15"]
[White "Carrasco Miranda, Andres"]
[Black "Bharath, Subramaniyam H"]
[Result "1/2-1/2"]
[BlackTitle "IM"]
[WhiteElo "2285"]
[BlackElo "2437"]
[WhiteFideId "3405990"]
[BlackFideId "46634827"]
[EventDate "2020.04.19"]

1. d4 Nf6 2. c4 e6 3. g3 c5 4. d5 exd5 5. cxd5 d6 6. Nc3 g6 7. Bg2 Bg7 8. Nf3
O-O 9. O-O a6 10. a4 Nbd7 11. h3 Re8 12. Bf4 Qc7 13. Qb1 Nh5 14. Bd2 Ne5 15.
Nxe5 Bxe5 16. b4 c4 17. Ra3 Bd7 18. Qc2 a5 19. Ne4 f5 20. Ng5 c3 21. Rxc3 Bxc3
22. Qxc3 Qxc3 23. Bxc3 Rac8 24. Be1 Rxe2 25. bxa5 Rc4 26. Ne6 Bb5 27. axb5 1/2-1/2

[Event "Sunway Sitges Online Open"]
[Site "chess.com INT"]
[Date "2020.04.26"]
[Round "8.16"]
[White "Gluhovsky, Mark"]
[Black "Gluhovsky, Mark"]
[Result "1-0"]
[WhiteElo "2271"]
[BlackElo "2271"]
[WhiteFideId "24165514"]
[BlackFideId "24165514"]
[EventDate "2020.04.19"]

1. d4 Nf6 2. Nf3 g6 3. Bg5 Bg7 4. Nbd2 d6 5. e4 O-O 6. c3 Nc6 7. Bd3 e5 8. dxe5
dxe5 9. Nc4 h6 10. Bh4 Re8 11. O-O Qe7 12. b4 a6 13. a4 Rd8 14. Qc2 g5 15. Bg3
Nh5 16. Ne3 Nf4 17. Bc4 Be6 18. Rfd1 Bxc4 19. Nxc4 Qe6 20. Ne3 a5 21. b5 Ne7 22.
Nd2 h5 23. f3 h4 24. Bf2 Bf8 25. Nb3 Neg6 26. c4 b6 27. Nf5 Bb4 28. Be3 Qf6 29.
Rxd8+ Rxd8 30. Rd1 Nf8 31. g3 Rxd1+ 32. Qxd1 h3 33. gxf4 gxf4 34. Bf2 Qg5+ 35.
Kf1 Qg2+ 36. Ke2 Qxh2 37. Nh6+ Kg7 38. Ng4 Qg2 39. Qf1 Qxf1+ 40. Kxf1 Nd7 41.
Bg1 Kg6 42. Nf2 f5 43. Nxh3 fxe4 44. fxe4 Nf6 45. Nf2 f3 46. Bh2 Bc3 47. Nc1 Kg5
48. Ncd3 Nd7 49. Nh3+ Kh4 50. Ng1 Kg4 51. Nf2+ Kh5 52. Nd1 Ba1 53. Nxf3 Nc5 54.
Nxe5 Nxe4 55. Ke2 Nc5 56. Nd3 Nxa4 57. Kd2 Kg5 58. Kc2 Bd4 59. Kb3 Nc5+ 60. Nxc5
Bxc5 61. Bxc7 Kf5 62. Nc3 Bd4 63. Na4 1-0

[Event "Sunway Sitges Online Open"]
[Site "chess.com INT"]
[Date "2020.04.26"]
[Round "8.17"]
[White "Shome, Shiv"]
[Black "Borsuk, Konstantin"]
[Result "0-1"]
[BlackTitle "FM"]
[WhiteElo "2237"]
[BlackElo "2431"]
[WhiteFideId "46608850"]
[BlackFideId "14113406"]
[EventDate "2020.04.19"]

1. e4 e6 2. d4 d5 3. Bd3 Nf6 4. e5 Nfd7 5. c3 c5 6. Ne2 Nc6 7. a3 a5 8. O-O Nb6
9. Re1 a4 10. Be3 cxd4 11. cxd4 Na5 12. Nec3 Nac4 13. Qe2 Bd7 14. Bc1 Rc8 15.
Nd2 Nxd2 16. Bxd2 Nc4 17. Reb1 Be7 18. Ne4 b5 19. Ng3 Qb6 20. Bxc4 Rxc4 21. Be3
g6 22. Qd1 f5 23. Ne2 O-O 24. g3 g5 25. b3 axb3 26. Qxb3 Qc7 27. h4 h6 28. hxg5
hxg5 29. f4 g4 30. Kf2 Qa5 31. Rh1 Qa4 32. Qb1 Rc2 33. Qf1 Rfc8 34. Re1 Kg7 35.
Qg2 Be8 36. Qh2 Bg6 37. Qh6+ Kf7 38. Bc1 Qb3 0-1

[Event "Sunway Sitges Online Open"]
[Site "chess.com INT"]
[Date "2020.04.26"]
[Round "8.18"]
[White "Razin, Vadim"]
[Black "Papadiamandis, Elliot"]
[Result "1/2-1/2"]
[WhiteElo "2428"]
[BlackElo "2269"]
[WhiteFideId "14119463"]
[BlackFideId "36074160"]
[EventDate "2020.04.19"]

1. d4 Nf6 2. Nf3 g6 3. Bg5 Bg7 4. Nbd2 O-O 5. e4 d6 6. c3 c5 7. dxc5 dxc5 8. Qc2
Nc6 9. Bc4 Qc7 10. O-O h6 11. Bh4 Nh5 12. Rfe1 a6 13. Bf1 b5 14. a4 Rb8 15. Bg3
Nxg3 16. hxg3 c4 17. Be2 Rd8 18. Nf1 Na5 19. axb5 axb5 20. N3d2 Be6 21. Ne3 Nb3
22. Rad1 Nxd2 23. Rxd2 Rxd2 24. Qxd2 b4 25. Bg4 bxc3 26. bxc3 Bxg4 27. Nxg4 h5
28. Ne3 Qe5 29. Nd5 Qd6 30. Rd1 Kh8 31. Qe2 e6 32. Nb4 Qf8 33. Qf3 Rd8 34. Rxd8
Qxd8 35. Qxf7 Bxc3 36. Nc6 Qf6 37. Qe8+ Kg7 38. Nd8 e5 39. Qd7+ Kg8 40. Ne6 Be1
41. f4 Bxg3 42. f5 c3 43. Qc8+ Kh7 44. Qxc3 gxf5 45. exf5 h4 46. Qc7+ Kg8 47.
Qc8+ Kh7 48. Qc7+ Kg8 49. Qb8+ Kh7 50. Qb7+ Kg8 51. Qa8+ Kh7 52. Qe4 Kh6 53.
Qe3+ Kh5 54. Qe4 Kh6 55. Kf1 Qe7 56. Qg4 Qf6 57. Ke2 e4 58. Qxe4 Qb2+ 59. Kf3
Qb3+ 60. Qe3+ Qxe3+ 61. Kxe3 Be5 62. Ke4 Bf6 63. Kf4 Kh5 64. Nc5 h3 65. gxh3 Kh4
66. Nd7 Bc3 67. Ne5 Bd2+ 68. Ke4 Kxh3 69. f6 Bb4 70. Kf5 Kh4 71. Kg6 Ba3 72. f7
Bb4 73. Nf3+ Kg4 74. Nd4 Ba3 75. Kf6 Bb4 76. Nc6 Bf8 77. Ne5+ Kg3 78. Ng6 Bh6
79. Ne7 Kf3 80. Nf5 Bf8 81. Nh4+ Kg3 82. Ng6 Bh6 83. Ne5 Kf4 84. Nd7 Bg5+ 85.
Ke6 Bh6 86. Nb6 Bf8 87. Kf6 Bh6 88. Na8 Bg5+ 89. Ke6 Bh6 90. Nc7 Kg5 91. Ke7 Kg6
92. Ne6 Kh7 93. Kf6 Kh8 94. Ke7 Kh7 95. Ke8 Kg6 96. Ke7 Kh7 1/2-1/2

[Event "Sunway Sitges Online Open"]
[Site "chess.com INT"]
[Date "2020.04.26"]
[Round "8.20"]
[White "Gavilan Diaz, Mario"]
[Black "Dudin, Gleb"]
[Result "0-1"]
[WhiteTitle "FM"]
[BlackTitle "FM"]
[WhiteElo "2278"]
[BlackElo "2387"]
[WhiteFideId "2260905"]
[BlackFideId "34184934"]
[EventDate "2020.04.19"]

1. e4 e5 2. Nf3 Nc6 3. d4 exd4 4. Nxd4 Bc5 5. Nb3 Bb6 6. Nc3 d6 7. Qe2 Nge7 8.
Be3 O-O 9. O-O-O f5 10. f3 fxe4 11. Nxe4 Nf5 12. Bf2 Kh8 13. h4 Be6 14. Kb1 Bg8
15. g4 Bxb3 16. gxf5 Bg8 17. f6 gxf6 18. h5 Bxf2 19. Qxf2 f5 20. Ng3 Qf6 21. f4
h6 22. Bd3 Be6 23. c3 Rab8 24. Rde1 b5 25. Rhg1 b4 26. c4 Rbe8 27. Ne2 Bf7 28.
Bc2 Bxh5 29. Ng3 Rxe1+ 30. Rxe1 Bg4 31. Rh1 Nd4 32. Bd3 c5 33. Nf1 Re8 34. Ne3
Bf3 35. Rh3 Qe6 36. Qh4 Kh7 37. b3 Be4 38. Bxe4 Qxe4+ 39. Kb2 Re6 40. Qh5 Rg6
41. Qh4 Rg2+ 0-1

[Event "Sunway Sitges Online Open"]
[Site "chess.com INT"]
[Date "2020.04.26"]
[Round "8.22"]
[White "Miciano, John Marvin"]
[Black "Van Baar, Esper"]
[Result "1-0"]
[WhiteTitle "IM"]
[BlackTitle "FM"]
[WhiteElo "2337"]
[BlackElo "2223"]
[WhiteFideId "5211948"]
[BlackFideId "1049321"]
[EventDate "2020.04.19"]

1. d4 Nf6 2. c4 e6 3. Nf3 a6 4. Bg5 h6 5. Bh4 g5 6. Bg3 Bg7 7. Nc3 d6 8. e3 Nh5
9. Be2 Nd7 10. Qc2 Nxg3 11. hxg3 Qf6 12. g4 b6 13. Ne4 Qe7 14. Ng3 Nf6 15. Nd2
Bb7 16. Bf3 Bxf3 17. gxf3 d5 18. cxd5 O-O 19. dxe6 fxe6 20. Rc1 Rac8 21. Qc6 Qf7
22. Nh5 Nxg4 23. fxg4 Qxf2+ 24. Kd1 Qxe3 25. Rc3 Qf2 26. Qxe6+ Qf7 27. Nxg7 1-0

[Event "Sunway Sitges Online Open"]
[Site "chess.com INT"]
[Date "2020.04.26"]
[Round "8.24"]
[White "Navalgund, Niranjan"]
[Black "Silva, Kaua Marques"]
[Result "1-0"]
[WhiteTitle "FM"]
[WhiteElo "2289"]
[BlackElo "2121"]
[WhiteFideId "5030854"]
[BlackFideId "22701168"]
[EventDate "2020.04.19"]

1. d4 Nf6 2. c4 e6 3. Nc3 Bb4 4. e3 O-O 5. Bd2 d5 6. Nf3 b6 7. cxd5 exd5 8. Bd3
Bb7 9. O-O Re8 10. Ne5 Bf8 11. f4 c5 12. Be1 cxd4 13. exd4 Nc6 14. Bb5 Qd6 15.
Bh4 a6 16. Ba4 b5 17. Bc2 b4 18. Bxf6 bxc3 19. Bxh7+ Kxh7 20. Qh5+ Kg8 21. Qxf7+
Kh7 22. Rf3 Qe6 23. Rh3+ Qxh3 24. gxh3 cxb2 25. Rb1 Nxd4 26. Rxb2 Bc6 27. Rg2
Ne6 28. Nxc6 1-0

[Event "Sunway Sitges Online Open"]
[Site "chess.com INT"]
[Date "2020.04.26"]
[Round "8.25"]
[White "Ansh, M Shah"]
[Black "Kakabayev, Mergen"]
[Result "1-0"]
[BlackTitle "FM"]
[WhiteElo "2095"]
[BlackElo "2285"]
[WhiteFideId "25033379"]
[BlackFideId "14002990"]
[EventDate "2020.04.19"]

1. d4 d5 2. c4 c6 3. cxd5 cxd5 4. Nc3 Nf6 5. Bf4 Nc6 6. Nf3 e6 7. e3 Bd6 8. Bg3
Ne4 9. Nxe4 dxe4 10. Nd2 Bxg3 11. hxg3 f5 12. Qh5+ Ke7 13. a3 Bd7 14. Bc4 g6 15.
Qh4+ Kf7 16. Qf4 Qb8 17. Rc1 Qxf4 18. gxf4 Rac8 19. Nb3 b6 20. Ba6 Rcd8 21. Nd2
h5 22. f3 exf3 23. Nxf3 Ke7 24. Kf2 Nb8 25. Bb7 Kd6 26. Ne5 Rh7 27. Bf3 Be8 28.
Rc2 Rc7 29. Rxc7 Kxc7 30. Rc1+ Kd6 31. Bb7 Ke7 32. Rc7+ Kf6 33. g3 a5 34. b4
axb4 35. axb4 g5 36. fxg5+ Kxg5 37. b5 Kf6 38. Bc6 Nxc6 39. bxc6 b5 40. Ke1 Ra8
41. Kd2 b4 42. Rb7 Rc8 43. c7 Ke7 44. Nc4 Kd7 45. Nb6+ Kc6 46. Nxc8 Kxb7 47.
Nd6+ Kxc7 48. Nxe8+ Kc6 49. Nf6 1-0

[Event "Sunway Sitges Online Open"]
[Site "chess.com INT"]
[Date "2020.04.26"]
[Round "8.26"]
[White "Molchanov, Oleksii"]
[Black "Harper, Ryan"]
[Result "1/2-1/2"]
[WhiteTitle "IM"]
[BlackTitle "FM"]
[WhiteElo "2402"]
[BlackElo "2189"]
[WhiteFideId "14119820"]
[BlackFideId "7700156"]
[EventDate "2020.04.19"]

1. Nf3 Nf6 2. c4 e6 3. g3 d5 4. Bg2 c5 5. O-O d4 6. e3 Nc6 7. exd4 cxd4 8. d3
Bc5 9. Bg5 h6 10. Bxf6 Qxf6 11. Nbd2 O-O 12. a3 a5 13. Ne4 Qe7 14. b4 axb4 15.
Nxc5 Qxc5 16. axb4 Rxa1 17. bxc5 Rxd1 18. Rxd1 e5 19. Nd2 Bf5 20. Ne4 Nb4 21.
Nd6 Bxd3 22. Bxb7 Bc2 23. Rd2 Ba4 24. Nb5 Bb3 25. Rb2 Nd3 26. Rxb3 Nxc5 27. Nxd4
exd4 28. Rb5 Nxb7 29. Rxb7 d3 30. Kf1 Re8 31. Rd7 Re4 32. c5 Rc4 33. Rd5 Rc1+
34. Kg2 d2 35. Rxd2 Rxc5 36. Rd8+ Kh7 37. h4 Rc7 38. g4 g6 39. Kg3 Kg7 40. f3
Rc3 41. Rd7 Ra3 42. Kf4 Ra4+ 43. Ke3 Ra3+ 44. Ke4 Ra4+ 45. Rd4 Ra7 46. Kf4 Ra3
47. Rd5 Ra4+ 48. Kg3 Ra3 49. h5 g5 50. Rf5 Rb3 51. Kf2 Rb2+ 52. Ke3 Rb3+ 53. Kd4
Rb4+ 54. Kc5 Ra4 55. Kb5 Rd4 56. Kc6 Ra4 57. Kb6 Rb4+ 58. Kc7 Ra4 59. Kd6 Ra6+
60. Ke5 Ra5+ 61. Ke4 Ra4+ 62. Ke3 Ra3+ 63. Kf2 Ra2+ 64. Kg3 Ra3 65. Rd5 Ra4 66.
Kf2 Rb4 67. Ke3 Ra4 68. Rd4 Ra3+ 69. Ke4 Ra1 70. Rd3 Ra4+ 1/2-1/2

[Event "Sunway Sitges Online Open"]
[Site "chess.com INT"]
[Date "2020.04.26"]
[Round "8.27"]
[White "Al-Saffar, Araz Basim Mohammed S"]
[Black "Samunenkov, Ihor"]
[Result "0-1"]
[WhiteTitle "IM"]
[WhiteElo "2382"]
[BlackElo "2142"]
[WhiteFideId "4801040"]
[BlackFideId "14187086"]
[EventDate "2020.04.19"]

1. d4 Nf6 2. Nf3 e6 3. g3 b6 4. Bg2 c6 5. O-O Be7 6. b3 O-O 7. Bb2 d5 8. Nbd2 a5
9. a4 Nbd7 10. Ne5 Nxe5 11. dxe5 Nd7 12. e4 Ba6 13. Re1 Rc8 14. h4 Bb4 15. c3
Be7 16. Nf3 Nc5 17. exd5 cxd5 18. Re3 Ne4 19. Nd4 Bc5 20. Qe1 Bxd4 21. cxd4 Rc2
22. Ba3 Nxf2 23. Bxf8 Qxf8 24. Rf3 Nd3 25. Qd1 Rc3 26. Bf1 Qb4 27. Bxd3 Qxd4+
28. Kh2 Rxd3 29. Rxd3 Bxd3 30. Ra2 Qc3 31. Qd2 d4 32. Qg5 h6 33. Qd8+ Kh7 34.
Rf2 Bf5 35. Qxb6 Qe3 36. Ra2 Bb1 37. Rb2 Be4 38. Qxa5 Qc1 39. Rg2 Bxg2 40. Kxg2
d3 0-1

[Event "Sunway Sitges Online Open"]
[Site "chess.com INT"]
[Date "2020.04.26"]
[Round "8.28"]
[White "Mezentsev, Ivan"]
[Black "Ilandzis, Spyridon"]
[Result "1-0"]
[WhiteTitle "FM"]
[WhiteElo "2354"]
[BlackElo "2106"]
[WhiteFideId "13706195"]
[BlackFideId "4200276"]
[EventDate "2020.04.19"]

1. Nf3 c5 2. c4 Nc6 3. Nc3 g6 4. e3 Nf6 5. d4 cxd4 6. exd4 d5 7. cxd5 Nxd5 8.
Bc4 Nb6 9. Bb3 Bg7 10. d5 Na5 11. O-O O-O 12. Re1 Bg4 13. Bg5 Bf6 14. Bxf6 exf6
15. h3 Nxb3 16. axb3 Bxf3 17. Qxf3 f5 18. Rad1 Qd6 19. g4 fxg4 20. hxg4 f5 21.
Re6 Qb4 22. g5 Rad8 23. d6 Rd7 24. Nd5 Nxd5 25. Qxd5 Qg4+ 26. Kf1 Kg7 27. Re7+
Rxe7 28. dxe7 Re8 29. Qe5+ Kf7 30. Qf6+ Kg8 31. Qe6+ Kg7 32. Qf6+ Kg8 33. Rd8
Qh3+ 34. Ke1 Qh1+ 35. Kd2 1-0

[Event "Sunway Sitges Online Open"]
[Site "chess.com INT"]
[Date "2020.04.26"]
[Round "8.29"]
[White "Albu, George"]
[Black "Liang, Jason"]
[Result "1-0"]
[BlackTitle "FM"]
[WhiteElo "2142"]
[BlackElo "2340"]
[WhiteFideId "1237128"]
[BlackFideId "30940303"]
[EventDate "2020.04.19"]

1. d4 Nf6 2. c4 e6 3. Nc3 d5 4. cxd5 exd5 5. Bg5 c6 6. Qc2 Bd6 7. e3 O-O 8. Bd3
h6 9. Bh4 Re8 10. Nge2 a5 11. O-O Bxh2+ 12. Kh1 Bd6 13. Rae1 Na6 14. a3 Nc7 15.
Na4 Ne6 16. f3 Be7 17. Bf2 Ng5 18. Nf4 Bd6 19. Bg3 Qc7 20. Nc3 Bd7 21. Qd2 Ne6
22. Nxe6 Rxe6 23. Bf2 Nh5 24. Ne2 Re7 25. e4 Bg3 26. e5 Bxf2 27. Rxf2 g5 28. g4
Ng7 29. Rh2 Re6 30. f4 gxf4 31. Nxf4 Kf8 32. Nxe6+ Nxe6 33. Qxh6+ Ke8 34. Qf6
Nf8 35. Rh8 Qd8 36. Qg7 Qe7 37. g5 Be6 38. g6 fxg6 39. Bxg6+ Kd7 40. Qxe7+ Kxe7
41. Rf1 Rd8 42. Bf5 Bxf5 43. Rxf5 b6 44. Rf6 c5 45. Rxb6 cxd4 46. Kg1 Rc8 47.
Rf6 Rc1+ 48. Kf2 d3 49. Ke3 Rc8 50. Rfxf8 Rxf8 51. Rxf8 Kxf8 52. Kxd3 Ke7 53.
Kd4 Ke6 54. a4 1-0

[Event "Sunway Sitges Online Open"]
[Site "chess.com INT"]
[Date "2020.04.26"]
[Round "8.30"]
[White "Sanati, Charlotte"]
[Black "Haring, Viktor"]
[Result "1/2-1/2"]
[BlackTitle "FM"]
[WhiteElo "2041"]
[BlackElo "2298"]
[WhiteFideId "12907707"]
[BlackFideId "14919400"]
[EventDate "2020.04.19"]

1. d4 Nf6 2. c4 e6 3. Nc3 Bb4 4. Qc2 O-O 5. Nf3 c5 6. dxc5 Na6 7. g3 Nxc5 8. Bg2
d5 9. cxd5 exd5 10. O-O Nce4 11. Nxe4 Nxe4 12. Rd1 Bf5 13. Qb3 Qe7 14. Be3 Nf6
15. Bg5 a5 16. a3 Bc5 17. Bxf6 Qxf6 18. Qxd5 Rac8 19. Rac1 b6 20. Qd2 1/2-1/2

[Event "Sunway Sitges Online Open"]
[Site "chess.com INT"]
[Date "2020.04.26"]
[Round "8.31"]
[White "Ohanyan, Emin"]
[Black "Domene Mulyukov, Alexander"]
[Result "1-0"]
[WhiteTitle "FM"]
[WhiteElo "2291"]
[BlackElo "1931"]
[WhiteFideId "13312022"]
[BlackFideId "24589802"]
[EventDate "2020.04.19"]

1. e4 c5 2. Nf3 e6 3. d4 cxd4 4. Nxd4 Nf6 5. Nc3 Nc6 6. Nxc6 bxc6 7. e5 Nd5 8.
Ne4 Qc7 9. f4 Qb6 10. c4 Ne3 11. Qd3 Nf5 12. g4 Nh4 13. b3 Bb7 14. Be3 Bb4+ 15.
Kf2 Qc7 16. c5 h5 17. Nd6+ Ke7 18. a3 a5 19. axb4 axb4 20. Be2 hxg4 21. Bxg4 Ng6
22. Kg3 Ra3 23. Bd4 Ba6 24. Qc2 Kf8 25. Rxa3 bxa3 26. b4 Bb5 27. Ra1 1-0

[Event "Sunway Sitges Online Open"]
[Site "chess.com INT"]
[Date "2020.04.26"]
[Round "8.33"]
[White "Srikrishnan, P"]
[Black "Sterck, Arno"]
[Result "1/2-1/2"]
[BlackTitle "FM"]
[WhiteElo "1944"]
[BlackElo "2259"]
[WhiteFideId "45011095"]
[BlackFideId "228249"]
[EventDate "2020.04.19"]

1. d4 d5 2. c4 c6 3. Nf3 Nf6 4. Nc3 e6 5. Bg5 dxc4 6. e4 b5 7. e5 h6 8. Bh4 g5
9. Nxg5 hxg5 10. Bxg5 Nbd7 11. g3 Bb7 12. Bg2 Qb6 13. exf6 O-O-O 14. O-O c5 15.
d5 b4 16. Rb1 Qa6 17. dxe6 Bxg2 18. e7 Bxf1 19. Qd5 Bxe7 20. fxe7 Bd3 21. Ne4
Bxb1 22. Nd6+ Kc7 23. Bf4 Kb6 24. Nxc4+ Kb5 25. Nd6+ Kb6 26. Nc4+ Kb5 27. Nd6+
Kb6 28. Nc4+ 1/2-1/2

[Event "Sunway Sitges Online Open"]
[Site "chess.com INT"]
[Date "2020.04.26"]
[Round "8.34"]
[White "Otasevic, Djuro"]
[Black "Raahul, V S"]
[Result "1-0"]
[WhiteElo "1827"]
[BlackElo "2259"]
[WhiteFideId "993778"]
[BlackFideId "25035525"]
[EventDate "2020.04.19"]

1. d4 d5 2. Nf3 Nf6 3. e3 e6 4. Bd3 Bd6 5. O-O Nbd7 6. b3 e5 7. dxe5 Nxe5 8. Bb2
Nxd3 9. Qxd3 O-O 10. Nbd2 Re8 11. h3 c6 12. Rad1 Bc7 13. c4 dxc4 14. Qxd8 Bxd8
15. Nxc4 Ne4 16. Nfd2 Nc5 17. Nd6 Re6 18. N2c4 Be7 19. Nf5 Bf8 20. Rd8 b5 21.
Ncd6 Bb7 22. Nxb7 Rxd8 23. Nxd8 Rg6 24. Rd1 a5 25. Nd4 Rd6 26. N8xc6 f6 27. Nxa5
Ra6 28. Ndc6 Nb7 29. Nxb7 Rxc6 30. Rc1 Ra6 31. a3 Bxa3 32. Ra1 b4 33. Bxa3 Rxa3
34. Rb1 Kf7 35. Nc5 Ra8 36. Nd3 Rb8 37. Rc1 Ra8 38. Rc4 Ra1+ 39. Kh2 Ra2 40.
Rxb4 Rd2 41. Rd4 Ke7 42. b4 Rd1 43. b5 Rb1 44. Rb4 Rxb4 45. Nxb4 Kd6 46. b6 Kd7
47. Kg3 Kc8 1-0

[Event "Sunway Sitges Online Open"]
[Site "chess.com INT"]
[Date "2020.04.26"]
[Round "8.35"]
[White "Koellner, Aaron Noah"]
[Black "Shintre, Neel"]
[Result "1-0"]
[WhiteElo "2257"]
[BlackElo "1896"]
[WhiteFideId "12993085"]
[BlackFideId "35097504"]
[EventDate "2020.04.19"]

1. d4 Nf6 2. Nf3 d5 3. Bg5 c5 4. Bxf6 exf6 5. e3 Nc6 6. c3 Be6 7. dxc5 Bxc5 8.
Nbd2 O-O 9. Bd3 Rc8 10. O-O a6 11. Nb3 Ba7 12. Nbd4 Qd6 13. Qb3 Na5 14. Qc2 g6
15. Rad1 Nc6 16. Nxc6 Qxc6 17. Rd2 Rfe8 18. Rfd1 Kg7 19. Be2 Qc7 20. Nd4 Bb8 21.
g3 Ba7 22. Bf3 Qc4 23. Qb3 Bxd4 24. Rxd4 Qxb3 25. axb3 h5 26. Bxd5 Bxd5 27. Rxd5
Re6 28. Rd6 Rc6 29. Rxe6 Rxe6 30. Rd5 Rb6 31. b4 Kf8 32. Kf1 Ke7 33. Ke2 Ke6 34.
Rc5 Rd6 35. b3 Kd7 36. Rc4 Ke6 37. Rd4 Rb6 38. Kd3 Rb5 39. Kc2 Rf5 40. Rf4 Rb5
41. Kb2 Rd5 42. Rd4 Rf5 43. Rd2 Rb5 44. Ka3 g5 45. c4 Rb6 46. h3 g4 47. hxg4
hxg4 48. Rd4 f5 49. Ka4 Rc6 50. b5 axb5+ 51. Kxb5 Ra6 52. b4 Ra2 53. Rf4 Ra6 54.
c5 Ke5 55. Kc4 Ra2 56. Kb3 Ra1 57. Kb2 Ra4 58. Rd4 Ra7 59. Rd7 Ke6 60. c6 Ra6
61. b5 1-0

[Event "Sunway Sitges Online Open"]
[Site "chess.com INT"]
[Date "2020.04.26"]
[Round "8.36"]
[White "Grutter, Tim"]
[Black "Love, Jindal"]
[Result "1-0"]
[WhiteElo "2253"]
[BlackElo "1747"]
[WhiteFideId "1057472"]
[BlackFideId "35067877"]
[EventDate "2020.04.19"]

1. e4 c5 2. Nf3 d6 3. d4 cxd4 4. Nxd4 Nf6 5. Nc3 a6 6. g3 e5 7. Nb3 b5 8. a4 b4
9. Nd5 Bb7 10. Bg5 Nbd7 11. Bg2 Be7 12. Nxb4 Nxe4 13. Bxe7 Qb6 14. Nd3 Kxe7 15.
a5 Qa7 16. O-O Ndf6 17. h4 Rad8 18. Kh2 g5 19. f3 gxh4 20. gxh4 Rdg8 21. Bh3 Ng3
22. Rg1 Ngh5 23. Qe2 Kf8 24. Nd2 Nd5 25. Ne4 Ndf4 26. Nxf4 Nxf4 27. Qd2 Bxe4 28.
Qxd6+ Qe7 29. Qb8+ Qe8 30. Qd6+ Qe7 31. Qb8+ Qe8 32. Qxe8+ Kxe8 33. fxe4 Ke7 34.
Rxg8 Rxg8 35. Bf1 Rg6 36. Ra3 Kd7 37. b4 Kc7 38. b5 axb5 39. a6 Rg8 40. a7 Ra8
41. Bxb5 Kb6 42. Bc4 f6 43. Ra6+ Kc5 44. Bf1 Kd4 45. Bb5 Kc5 46. Bc6 Rxa7 47.
Rxa7 Kxc6 48. Rxh7 Kc5 49. h5 Kd4 50. h6 Kxe4 51. Rf7 Kf5 52. h7 Ng6 53. Rg7 Nh8
54. Rg8 1-0

[Event "Sunway Sitges Online Open"]
[Site "chess.com INT"]
[Date "2020.04.26"]
[Round "8.37"]
[White "Adireddy, Tarun"]
[Black "Makkar, Rajat"]
[Result "1-0"]
[BlackTitle "CM"]
[WhiteElo "1696"]
[BlackElo "2214"]
[WhiteFideId "25647261"]
[BlackFideId "36016810"]
[EventDate "2020.04.19"]

1. d4 d5 2. c4 c6 3. Nf3 Nf6 4. Nc3 e6 5. Bg5 Nbd7 6. e3 Qa5 7. Nd2 Bb4 8. Qc2
O-O 9. Be2 e5 10. dxe5 Ne4 11. Ncxe4 dxe4 12. a3 Nxe5 13. Bh4 g5 14. Bg3 Rd8 15.
O-O-O Bxd2+ 16. Rxd2 Bf5 17. Rhd1 Nd3+ 18. Kb1 b5 19. cxb5 cxb5 20. Bc7 Qa6 21.
Bxd8 Rxd8 22. Bxd3 exd3 23. Qc5 Qe6 24. f3 Rc8 25. Qd4 Qc4 26. Qxc4 bxc4 27. Rc1
Be6 28. Rc3 Rb8 29. b3 Rb7 30. Ka1 cxb3 31. Rcxd3 Kg7 32. Kb2 h6 33. f4 f5 34.
Rd6 Re7 35. R2d3 Kf8 36. g3 Kg7 37. a4 Kf7 38. a5 Rb7 39. a6 Rb5 40. Rc6 Ra5 41.
Rdd6 Bd5 42. Rc7+ Ke8 43. Rxd5 Rxd5 44. Rxa7 Rd6 45. Ra8+ Kd7 46. a7 Ra6 47. Rh8 1-0

[Event "Sunway Sitges Online Open"]
[Site "chess.com INT"]
[Date "2020.04.26"]
[Round "8.38"]
[White "Martin Barcelo, Carles"]
[Black "Hosdurga, Chirag"]
[Result "0-1"]
[WhiteElo "2231"]
[BlackElo "1838"]
[WhiteFideId "24561444"]
[BlackFideId "438189"]
[EventDate "2020.04.19"]

1. e4 c5 2. Nf3 Nc6 3. Bb5 d6 4. O-O Bd7 5. Re1 Nf6 6. c3 a6 7. Bc4 b5 8. Bf1
Bg4 9. a4 b4 10. d4 cxd4 11. cxd4 e5 12. d5 Nd4 13. Be3 Nxf3+ 14. gxf3 Bd7 15.
a5 Nh5 16. Qd2 g5 17. Qxb4 Rg8 18. Kh1 g4 19. Be2 gxf3 20. Bxf3 Nf4 21. Bxf4 Qf6
22. Qd2 Bh6 23. Qd1 Bxf4 24. Rg1 Ke7 25. Rg3 Qh6 26. Bh5 Bxg3 27. fxg3 Rg5 28.
g4 Rag8 29. Qf1 Rxh5 30. gxh5 Bh3 31. Qe1 Qf4 0-1

[Event "Sunway Sitges Online Open"]
[Site "chess.com INT"]
[Date "2020.04.26"]
[Round "8.39"]
[White "Manish Anto, Cristiano F"]
[Black "Aarav Dengla"]
[Result "1-0"]
[WhiteTitle "FM"]
[WhiteElo "2340"]
[BlackElo "2010"]
[WhiteFideId "25095927"]
[BlackFideId "45059756"]
[EventDate "2020.04.19"]

1. e4 e5 2. Nf3 Nf6 3. Bc4 Nxe4 4. Nc3 Nd6 5. Bb3 Be7 6. Nxe5 Bf6 7. O-O Bxe5 8.
Re1 O-O 9. Rxe5 Re8 10. d4 Nc6 11. Bg5 Re7 12. Nd5 h6 13. Nxe7+ Kh7 14. Nxc6 Qg8
15. Ne7 Qf8 16. Qd3+ g6 17. Nxg6 fxg6 18. Re7+ Qxe7 19. Bxe7 Nf5 20. Qc4 d5 21.
Qxd5 Be6 22. Qxe6 h5 23. Bg5 Rf8 24. Re1 Ng7 25. Qd7 a5 26. Re7 1-0

[Event "Sunway Sitges Online Open"]
[Site "chess.com INT"]
[Date "2020.04.26"]
[Round "8.40"]
[White "Verbin, Valentina"]
[Black "Dong, Bao Nghia"]
[Result "1/2-1/2"]
[WhiteElo "1982"]
[BlackElo "2227"]
[WhiteFideId "13905910"]
[BlackFideId "12400343"]
[EventDate "2020.04.19"]

1. c4 e6 2. Nc3 d5 3. e3 c5 4. d4 Nf6 5. Nf3 cxd4 6. exd4 Be7 7. Bd3 dxc4 8.
Bxc4 O-O 9. O-O a6 10. a4 Nc6 11. Be3 Bd7 12. Rc1 Rc8 13. d5 exd5 14. Nxd5 Nxd5
15. Bxd5 Bf6 16. Qb3 Na5 17. Qb4 Bc6 18. Bxc6 Be7 19. Bc5 Bxc5 20. Rxc5 b6 21.
Rxa5 bxa5 22. Qe4 Qb6 23. Ng5 g6 24. Bd5 Qxb2 25. Qf4 Qg7 26. h4 h6 27. Ne4 Kh7
28. Nf6+ Kh8 29. Rb1 Rc2 30. Rb7 g5 31. Qf5 Rc1+ 32. Kh2 gxh4 33. Bxf7 h3 34.
Bd5 Rc7 35. Nh5 Rxf5 36. Nxg7 Rxg7 37. Rb8+ Kh7 38. Be4 Rxg2+ 39. Bxg2 hxg2 40.
Rb7+ Kg6 41. Rb6+ Kh5 42. Rxa6 Rxf2 43. Rxa5+ Kh4 44. Ra8 h5 45. a5 Ra2 46. a6
g1=Q+ 47. Kxg1 Kg3 48. Rg8+ Kh3 49. Ra8 Kg3 1/2-1/2